Catálogo

¿Existe la flecha del tiempo? : (Registro nro. 24862)

Detalles MARC
000 -LEADER
fixed length control field 01100cam a2200313 i 4500
001 - CONTROL NUMBER
control field 24862
003 - CONTROL NUMBER IDENTIFIER
control field Mx-PuUPA
005 - DATE AND TIME OF LATEST TRANSACTION
control field 20250313110347.0
008 - FIXED-LENGTH DATA ELEMENTS--GENERAL INFORMATION
fixed length control field 140415s2015 ag a gr 000 0 spa d
020 ## - INTERNATIONAL STANDARD BOOK NUMBER
International Standard Book Number 9789508939029
040 ## - CATALOGING SOURCE
Original cataloging agency Mx-PuUPA
Language of cataloging spa
Transcribing agency Mx-PuUPA
Modifying agency Mx-PuUPA
Description conventions rda
041 0# - LANGUAGE CODE
Language code of text/sound track or separate title spa
100 1# - MAIN ENTRY--PERSONAL NAME
Personal name Lombardi, Olimpia,
Dates associated with a name 1960-
Relator term autor
9 (RLIN) 16853
245 10 - TITLE STATEMENT
Title ¿Existe la flecha del tiempo? :
Remainder of title Ilya Prigogine : entre la ciencia y la filosofía /
Statement of responsibility, etc. Olimpia Lombardi
250 ## - EDITION STATEMENT
Edition statement 1a edición
264 #1 - PRODUCTION, PUBLICATION, DISTRIBUTION, MANUFACTURE, AND COPYRIGHT NOTICE
Place of production, publication, distribution, manufacture Ciudad Autónoma de Buenos Aires :
Name of producer, publisher, distributor, manufacturer Ediciones Logos,
Date of production, publication, distribution, manufacture, or copyright notice 2015
300 ## - PHYSICAL DESCRIPTION
Extent 300 páginas :
Other physical details ilustraciones ;
Dimensions 20 cm
336 ## - CONTENT TYPE
Fuente rdacontent
Content type term texto
Content type code txt
337 ## - MEDIA TYPE
Source rdamedia
Media type term sin medio
Media type code n
338 ## - CARRIER TYPE
Source rdacarrier
Carrier type term volumen
Carrier type code nc
490 0# - SERIES STATEMENT
Series statement Colección De las ciencias a la filosofía ;
Volume/sequential designation 3
600 14 - SUBJECT ADDED ENTRY--PERSONAL NAME
Personal name Prigogine, Ilya,
Dates associated with a name 1917-2003
General subdivision Crítica e interpretación
650 #7 - SUBJECT ADDED ENTRY--TOPICAL TERM
Source of heading or term armarc
Topical term or geographic name entry element Filosofía de la ciencia
9 (RLIN) 13986
650 #7 - SUBJECT ADDED ENTRY--TOPICAL TERM
Source of heading or term armarc
Topical term or geographic name entry element Ciencia
650 #7 - SUBJECT ADDED ENTRY--TOPICAL TERM
Source of heading or term armarc
Topical term or geographic name entry element Física
942 ## - ADDED ENTRY ELEMENTS (KOHA)
Source of classification or shelving scheme Dewey Decimal Classification
Koha item type Libro
Classification part 501
Item part L83
Existencias
Withdrawn status Lost status Source of classification or shelving scheme Damaged status Not for loan Collection code Home library Current library Shelving location Date acquired Total Checkouts Full call number Barcode Date last seen Price effective from Koha item type
    Dewey Decimal Classification     General Centro de Estudios en Ciencia y Religión Centro de Estudios en Ciencia y Religión Sala general 03/12/2013   501 L83 2015 45602 05/01/2026 03/12/2013 Libro